00503nam a22001337a 4500003000400000005001700004008004100021020001500062050002300077082002700100245016800127260004900295300002500344OSt20140311134815.0130601t xxu||||| |||| 00| 0 eng d a9719201827 aDS 676b.Or65 1998 aFIL 959.9027bP53 1998 aThe Philippine revolution and beyond vol.2 :bpapers from the International conference on the centennial of the 1896 Philippine revolution. cOrdoñez, Elmer A.  aManila, Philippines :bParagraphics, cc1998 avii, 1066 p.c25 cm.